Biggest Cities in Queensland on the Map - Statistics

General Stats
  • This quiz has been taken 307 times
  • The average score is 12 of 20
Answers on the Map
Answers color-coded by a green-red scale on the quiz's map according to % correct below.
 
Answer Stats
Pop City % Correct
2.27 m Brisbane
99%
673 k Gold Coast
97%
154 k Cairns
96%
173 k Townsville
94%
275 k Sunshine Coast
91%
108 k Toowoomba
78%
61.9 k Rockhampton
76%
81.2 k Mackay
72%
18.3 k Mount Isa
72%
52.1 k Bundaberg
64%
57.7 k Hervey Bay
52%
34.4 k Gladstone
48%
19.9 k Gympie
47%
14.0 k Emerald
41%
22.3 k Maryborough
41%
17.5 k Yeppoon
36%
14.1 k Warwick
32%
20.5 k Nambour
29%
13.0 k Bargara - Innes Park
19%
20.9 k Bongaree - Woorim
15%
No matching quizzes found
Score Distribution
Percent of People with Each Score
Percentile by Number Answered
Your Score History
You have not taken this quiz